Statystyki dla Zatoki Morza Śródziemnego

Kliknij tutaj aby rozwiązać quiz!

Ogólne statystyki

  • Ten quiz został rozwiązany 21 razy
  • Średni wynik to 4 z 10

Statystyki odpowiedzi

PaństwaZatoka% Poprawnych
FrancjaL{wia}
89%
Włochy, Słowenia, ChorwacjaW{enecka}
61%
GrecjaK{oryncka}
44%
WłochyN{eapolitańska}
39%
WłochyT{arencka}
39%
Włochy, Słowenia, ChorwacjaT{riesteńska}
28%
ChorwacjaR{ijecka}
22%
CzarnogóraK{otorska}
11%
LibiaW{ielka Syrta}
11%
AlbaniaD{rińska}
6%

Rozkład punktacji

Percentyl według liczby udzielonych odpowiedzi

Procent ludzi z każdym wynikiem

Twoja historia wyników

Nie rozwiązałeś tego quizu